000 00367 a2200157 4500
001 193172
020 _a978-85-322-7555-4
040 _cMagnum
100 _aSouza, Flavio de
240 1 0 _aO rato do campo e o rato da cidade
_lpor
245 1 0 _aO rato do campo e o rato da cidade
300 _a29
362 0 _a2010
697 _aLITERATURA INFANTO
942 _cBK
999 _c193172
_d193172